| 000 | 00418nam a2200157Ia 4500 | ||
|---|---|---|---|
| 008 | 230312s9999||||xx |||||||||||||| ||und|| | ||
| 020 | _a81-203-4301-6 | ||
| 082 |
_a621.317 _bPED-C |
||
| 100 | _aPedroni;Volnei.A | ||
| 245 | 0 | _aCircuit Design and Simulation with VHDL | |
| 260 |
_bPHI _aIndia _c2012 |
||
| 300 | _a608 | ||
| 546 | _aEng. | ||
| 650 |
_aEngineering _vCircuit Design and Simulation with VHDL |
||
| 942 | _cBK | ||
| 999 |
_c8497 _d8497 |
||